<?xml version="1.0" encoding="UTF-8"?>
<record
    xmlns:xsi="http://www.w3.org/2001/XMLSchema-instance"
    xsi:schemaLocation="http://www.loc.gov/MARC21/slim http://www.loc.gov/standards/marcxml/schema/MARC21slim.xsd"
    xmlns="http://www.loc.gov/MARC21/slim">

  <leader>00619nam a2200217Ia 4500</leader>
  <controlfield tag="001">12932</controlfield>
  <controlfield tag="003">GE_BSU</controlfield>
  <controlfield tag="008">181216s||||||||xx |||||||||||||| ||und||</controlfield>
  <datafield tag="040" ind1=" " ind2=" ">
    <subfield code="c">GE_BSU</subfield>
  </datafield>
  <datafield tag="080" ind1=" " ind2=" ">
    <subfield code="a">631.7</subfield>
  </datafield>
  <datafield tag="100" ind1=" " ind2=" ">
    <subfield code="a">&#x41A;&#x43E;&#x440;&#x435;&#x43D;&#x44C;&#x43A;&#x43E;&#x432;,&#x414;.&#x410;.</subfield>
  </datafield>
  <datafield tag="245" ind1=" " ind2=" ">
    <subfield code="a">&#x410;&#x433;&#x440;&#x43E;&#x445;&#x438;&#x43C;&#x438;&#x44F; &#x430;&#x437;&#x43E;&#x442;&#x43D;&#x44B;&#x445; &#x443;&#x434;&#x43E;&#x431;&#x440;&#x435;&#x43D;&#x438;&#x438;</subfield>
  </datafield>
  <datafield tag="245" ind1=" " ind2=" ">
    <subfield code="c">&#x420;&#x435;&#x434;.&#x415;.&#x418;.&#x428;&#x438;&#x43B;&#x43E;&#x432;&#x430;. &#x425;&#x443;&#x434;.&#x422;.&#x41A;.&#x421;&#x430;&#x43C;&#x438;&#x433;&#x443;&#x43B;&#x438;&#x43D;</subfield>
  </datafield>
  <datafield tag="260" ind1=" " ind2=" ">
    <subfield code="a">&#x41C;&#x43E;&#x441;&#x43A;&#x432;&#x430;</subfield>
  </datafield>
  <datafield tag="260" ind1=" " ind2=" ">
    <subfield code="b">&#x41D;&#x430;&#x443;&#x43A;&#x430;</subfield>
  </datafield>
  <datafield tag="260" ind1=" " ind2=" ">
    <subfield code="c">1976</subfield>
  </datafield>
  <datafield tag="300" ind1=" " ind2=" ">
    <subfield code="a">209&#x441;&#x442;&#x440;.27&#x441;&#x43C;.</subfield>
  </datafield>
  <datafield tag="300" ind1=" " ind2=" ">
    <subfield code="c">&#x411;&#x438;&#x431;&#x43B;&#x438;&#x43E;&#x433;&#x440;.&#x441;.208-222</subfield>
  </datafield>
  <datafield tag="653" ind1=" " ind2=" ">
    <subfield code="a">&#x410;&#x433;&#x440;&#x43E;&#x445;&#x438;&#x43C;&#x438;&#x44F; &#x430;&#x437;&#x43E;&#x442;&#x43D;&#x44B;&#x445; &#x443;&#x434;&#x43E;&#x431;&#x440;&#x435;&#x43D;&#x438;&#x438;</subfield>
  </datafield>
  <datafield tag="942" ind1=" " ind2=" ">
    <subfield code="c">BK</subfield>
  </datafield>
  <datafield tag="999" ind1=" " ind2=" ">
    <subfield code="c">46101</subfield>
    <subfield code="d">46101</subfield>
  </datafield>
  <datafield tag="952" ind1=" " ind2=" ">
    <subfield code="0">0</subfield>
    <subfield code="1">0</subfield>
    <subfield code="4">0</subfield>
    <subfield code="7">0</subfield>
    <subfield code="9">60436</subfield>
    <subfield code="d">2018-12-17</subfield>
    <subfield code="p">20886</subfield>
    <subfield code="r">2018-12-17</subfield>
    <subfield code="w">2018-12-17</subfield>
    <subfield code="y">BK</subfield>
  </datafield>
</record>
